Estudios dogmáticos de Derecho Civil

Saved in:
Bibliographic Details
Main Author: Guzmán Brito, Alejandro Ángel (autor)
Format: Book
Language:Spanish
Published: Valparaíso, Chile Universitarias de Valparaíso 2005
Edition:Primera edición
Series:Derecho
Subjects:
Tags: Add Tag
No Tags, Be the first to tag this record!

MARC

LEADER 00000nam a2200000 a 4500
001 UCK7303
003 CL-VaPUC
005 20250416110211.0
008 051118e20050000CL |||||||||||||||||spa|d
999 |c 315302  |d 315300 
020 |a 9561703726 
040 |c Pontificia Universidad Católica de Valparaíso 
082 0 4 |a 346.83 GUZ 2005  |2 21 
100 |a Guzmán Brito, Alejandro Ángel  |e autor  |9 388 
245 1 0 |a Estudios dogmáticos de Derecho Civil 
250 |a Primera edición 
260 0 3 |a Valparaíso, Chile  |b Universitarias de Valparaíso  |c 2005 
300 |a 280 páginas 
490 0 |a Derecho 
500 |a c.3 Donación Familia Prof. Alejandro Guzmán Brito. 
583 |a last modification  |c 20150415 09:13:41  |k Rodrigo Vera 
650 0 |a Derecho civil  |9 255013 
650 0 |a Dogmática jurídica  |9 337910 
650 0 |a Código civil chileno  |9 255931 
650 0 |a Buena fe   |9 383961 
650 0 |a Fuentes del derecho   |9 255162 
650 0 |a Contratos  |9 255153 
942 |c BK  |2 ddc  |n 0 
945 |d 20051118 00:00:00  |a cmena 
952 |0 0  |1 0  |2 ddc  |4 0  |6 346_830000000000000_GUZ_2005  |7 1  |8 C_LRYV  |9 388395  |a BIBDER  |b BIBDER  |d 2019-11-22  |i 4175034  |o 346.83 GUZ 2005  |p 4175034  |r 2023-01-25  |t 1  |w 2019-11-22  |y BK_X  |k BRV 
952 |0 0  |1 0  |2 ddc  |4 0  |6 346_830000000000000_GUZ_2005  |7 0  |8 A  |9 388396  |a BIBDER  |b BIBDER  |d 2019-11-22  |i 4201043  |l 2  |o 346.83 GUZ 2005  |p 4201043  |r 2024-06-04  |s 2024-06-04  |t 2  |w 2019-11-22  |y BK  |k DER 
952 |0 0  |1 0  |2 ddc  |4 0  |6 346_830000000000000_GUZ_2005  |7 0  |8 X  |9 388397  |a FDOBUD  |b FDOBUD  |d 2019-11-22  |i 4546482  |o 346.83 GUZ 2005  |p 4546482  |r 2019-11-22  |t 3  |w 2019-11-22  |y BK_X  |k FHP 
952 |0 0  |1 0  |2 ddc  |4 0  |6 346_830000000000000_GUZ_2005  |7 1  |8 C_AGB  |9 583343  |a BIBDER  |b BIBDER  |d 2022-06-01  |e Donación   |i 5651476  |o 346.83 GUZ 2005  |p 5651476  |r 2023-01-25  |t 4  |w 2022-06-01  |y BK_US  |k AGB